|
|
|
|
| LEADER |
00000nam2a2200000 4500 |
| 001 |
22025 |
| 005 |
20231030194454.0 |
| 035 |
|
|
|a (RuTPU)RU\TPU\book\22237
|
| 035 |
|
|
|a BOOK00022307
|
| 090 |
|
|
|a 22025
|
| 100 |
|
|
|a 20011209d1994 k y0rusy50 ca
|
| 101 |
0 |
|
|a rus
|
| 102 |
|
|
|a RU
|
| 105 |
|
|
|a y z 100zy
|
| 200 |
0 |
|
|a Вып. 3. Региональный мониторинг
|f отв. ред. В. Н. Воробьев
|
| 210 |
|
|
|d 1994
|
| 215 |
|
|
|a 128 с.
|
| 461 |
|
1 |
|0 (RuTPU)RU\TPU\book\85195
|t Проблемы региональной экологии
|o Сборник
|f Российская Академия наук. Сибирское отделение; Институт экологии природных комплексов; Государственный комитет экологии и природных ресурсов Томской области
|v Вып. 3. Региональный мониторинг
|d 1994-
|
| 610 |
1 |
|
|a экология
|
| 610 |
1 |
|
|a региональная экология
|
| 610 |
1 |
|
|a мониторинг
|
| 610 |
1 |
|
|a методология
|
| 610 |
1 |
|
|a антропогенные нагрузки
|
| 675 |
|
|
|a 574
|v 3
|
| 675 |
|
|
|a 504.064
|v 3
|
| 702 |
|
1 |
|a Воробьев
|b В. Н.
|4 340
|
| 712 |
1 |
2 |
|a Проблемы региональной экологии
|c Межреспубликанское совещание
|e Томск
|f 1992
|
| 801 |
|
0 |
|a RU
|b 63413507
|c 20011209
|g PSBO
|
| 801 |
|
2 |
|a RU
|b 63413507
|c 20090324
|g PSBO
|
| 942 |
|
|
|c BK
|